<?xml version="1.0" encoding="UTF-8"?>
<record
    xmlns:xsi="http://www.w3.org/2001/XMLSchema-instance"
    xsi:schemaLocation="http://www.loc.gov/MARC21/slim http://www.loc.gov/standards/marcxml/schema/MARC21slim.xsd"
    xmlns="http://www.loc.gov/MARC21/slim">

  <leader>02283    a2200349   4500</leader>
  <controlfield tag="003">OSt</controlfield>
  <controlfield tag="005">20180116192329.0</controlfield>
  <controlfield tag="008">120423t        xxu||||| |||| 00| 0 eng d</controlfield>
  <datafield tag="010" ind1=" " ind2=" ">
    <subfield code="a">  2005049928</subfield>
  </datafield>
  <datafield tag="020" ind1=" " ind2=" ">
    <subfield code="a">0415363330 (hbk.)</subfield>
  </datafield>
  <datafield tag="020" ind1=" " ind2=" ">
    <subfield code="a">9780415363334 (hbk.)</subfield>
  </datafield>
  <datafield tag="020" ind1=" " ind2=" ">
    <subfield code="a">0415363349 (pbk.)</subfield>
  </datafield>
  <datafield tag="020" ind1=" " ind2=" ">
    <subfield code="a">9780415363341 (pbk.)</subfield>
  </datafield>
  <datafield tag="020" ind1=" " ind2=" ">
    <subfield code="a">0203013662 (e-book)</subfield>
  </datafield>
  <datafield tag="020" ind1=" " ind2=" ">
    <subfield code="a">9780203013663 (e-book)</subfield>
  </datafield>
  <datafield tag="035" ind1=" " ind2=" ">
    <subfield code="a">(OCoLC)ocm60644844</subfield>
  </datafield>
  <datafield tag="035" ind1=" " ind2=" ">
    <subfield code="a">(OCoLC)60644844</subfield>
  </datafield>
  <datafield tag="040" ind1=" " ind2=" ">
    <subfield code="c">0</subfield>
  </datafield>
  <datafield tag="082" ind1="0" ind2="0">
    <subfield code="a">720.47</subfield>
  </datafield>
  <datafield tag="245" ind1="0" ind2="0">
    <subfield code="a">Environmental design :</subfield>
    <subfield code="b">an introduction for architects and engineers /</subfield>
    <subfield code="c">edited by Randall Thomas.</subfield>
  </datafield>
  <datafield tag="250" ind1=" " ind2=" ">
    <subfield code="a">3rd ed.</subfield>
  </datafield>
  <datafield tag="260" ind1=" " ind2=" ">
    <subfield code="a">London ;</subfield>
    <subfield code="a">New York :</subfield>
    <subfield code="b">Taylor &amp; Francis,</subfield>
    <subfield code="c">c2006.</subfield>
  </datafield>
  <datafield tag="300" ind1=" " ind2=" ">
    <subfield code="a">xvi, 272 p. :</subfield>
    <subfield code="b">ill. ;</subfield>
    <subfield code="c">26 cm.</subfield>
  </datafield>
  <datafield tag="505" ind1="0" ind2=" ">
    <subfield code="a">Strategies / Max Fordham -- Comfort, health, and environmental physics / Bill Watts -- Buildings and energy balances / Bill Watts and Randall Thomas -- Building planning and design / Randall Thomas -- Site planning / Randall Thomas -- Materials and construction / Randall Thomas -- Energy sources / Ramiro Godoy -- Lighting / Randall Thomas -- Engineering thermal comfort / Randall Thomas -- Water, waste disposal, and appliances / Mike Entwisle, Randall Thomas and Adam Ritchie -- Summary / Randall Thomas -- RMC International Headquarters / Bart Stevens -- Queens Building, De Montfort University / Edith Blennerhassett -- The Charles Cryer Studio Theatre / Colin Hamilton -- The Environmental Building, Building Research Establishment / Randall Thomas and Bart Stevens -- The Millennium Centre, Dagenham / Randall Thomas -- The Bedales Theatre / Randall Thomas -- Beaufort Court / Tamsin Tweddell -- Heelis, Central Office for the National Trust / Guy Nevill -- Environmental data and the psychrometric chart / Randall Thomas -- Calculation procedures / Randall Thomas -- Acoustics / Randall Thomas and Anthony Chilton -- Photovoltaics / Randall Thomas and Lorna Markham.</subfield>
  </datafield>
  <datafield tag="650" ind1=" " ind2="0">
    <subfield code="a">Architecture</subfield>
    <subfield code="x">Environmental aspects.</subfield>
    <subfield code="9">981</subfield>
  </datafield>
  <datafield tag="650" ind1=" " ind2="0">
    <subfield code="a">Environmental engineering.</subfield>
    <subfield code="9">982</subfield>
  </datafield>
  <datafield tag="650" ind1=" " ind2="0">
    <subfield code="a">City planning.</subfield>
    <subfield code="9">983</subfield>
  </datafield>
  <datafield tag="650" ind1=" " ind2="0">
    <subfield code="a">Engineering design.</subfield>
    <subfield code="9">984</subfield>
  </datafield>
  <datafield tag="700" ind1="1" ind2=" ">
    <subfield code="a">Thomas, Randall.</subfield>
    <subfield code="9">985</subfield>
  </datafield>
  <datafield tag="942" ind1=" " ind2=" ">
    <subfield code="a">SADA</subfield>
    <subfield code="c">BK</subfield>
    <subfield code="k">720.47 ENV 2006</subfield>
    <subfield code="2">ddc</subfield>
  </datafield>
  <datafield tag="999" ind1=" " ind2=" ">
    <subfield code="c">352298</subfield>
    <subfield code="d">352298</subfield>
  </datafield>
  <datafield tag="952" ind1=" " ind2=" ">
    <subfield code="0">0</subfield>
    <subfield code="1">0</subfield>
    <subfield code="2">ddc</subfield>
    <subfield code="4">0</subfield>
    <subfield code="7">0</subfield>
    <subfield code="a">SADA</subfield>
    <subfield code="b">SADA</subfield>
    <subfield code="d">2010-10-04</subfield>
    <subfield code="l">7</subfield>
    <subfield code="m">4</subfield>
    <subfield code="o">720.47 ENV 2006</subfield>
    <subfield code="p">SADA0000328</subfield>
    <subfield code="q">2024-10-02</subfield>
    <subfield code="r">2024-05-14</subfield>
    <subfield code="s">2024-05-14</subfield>
    <subfield code="v">2947.00</subfield>
    <subfield code="w">2011-08-05</subfield>
    <subfield code="y">BK</subfield>
  </datafield>
</record>
